<?xml version="1.0" encoding="UTF-8"?>
<record
    xmlns:xsi="http://www.w3.org/2001/XMLSchema-instance"
    xsi:schemaLocation="http://www.loc.gov/MARC21/slim http://www.loc.gov/standards/marcxml/schema/MARC21slim.xsd"
    xmlns="http://www.loc.gov/MARC21/slim">

  <leader>00628nam a22001817a 4500</leader>
  <controlfield tag="003">UA-OsUOA</controlfield>
  <controlfield tag="001"> 17190 </controlfield>
  <controlfield tag="007">ta</controlfield>
  <controlfield tag="008">20040217b un ||||| |||| 00| 0 ukr d</controlfield>
  <datafield tag="100" ind1=" " ind2=" ">
    <subfield code="a">&#x411;&#x43E;&#x43D;&#x434;&#x430;&#x440; &#x412;.</subfield>
  </datafield>
  <datafield tag="942" ind1=" " ind2=" ">
    <subfield code="c">SA</subfield>
  </datafield>
  <datafield tag="040" ind1=" " ind2=" ">
    <subfield code="a">UA-OsUOA</subfield>
    <subfield code="c">UA-OsUOA</subfield>
    <subfield code="d">UA-OsUOA</subfield>
  </datafield>
  <datafield tag="245" ind1=" " ind2=" ">
    <subfield code="a">&#x410;&#x434;&#x440;&#x435;&#x441;&#x43D;&#x430; &#x434;&#x43E;&#x43F;&#x43E;&#x43C;&#x43E;&#x433;&#x430;: &#x434;&#x435;&#x440;&#x436;&#x430;&#x432;&#x443; &#x43D;&#x435; &#x43E;&#x431;&#x434;&#x443;&#x440;&#x438;&#x448;: [&#x420;&#x435;&#x444;&#x43E;&#x440;&#x43C;&#x443;&#x432;&#x430;&#x43D;&#x43D;&#x44F; &#x441;&#x438;&#x441;&#x442;&#x435;&#x43C;&#x438; &#x441;&#x43E;&#x446;. &#x434;&#x43E;&#x43F;&#x43E;&#x43C;&#x43E;&#x433;&#x438; &#x443; &#x420;&#x430;&#x434;&#x438;&#x432;&#x438;&#x43B;&#x456;&#x432;. &#x440;-&#x43D;&#x456;]</subfield>
  </datafield>
  <datafield tag="300" ind1=" " ind2=" ">
    <subfield code="a">&#x421;.1</subfield>
  </datafield>
  <datafield tag="955" ind1=" " ind2=" ">
    <subfield code="a">0</subfield>
  </datafield>
  <datafield tag="773" ind1="0" ind2=" ">
    <subfield code="w">0</subfield>
    <subfield code="t">&#x41F;&#x440;&#x430;&#x43F;&#x43E;&#x440; &#x43F;&#x435;&#x440;&#x435;&#x43C;&#x43E;&#x433;&#x438;</subfield>
    <subfield code="d">&#x420;&#x430;&#x434;&#x438;&#x432;&#x438;&#x43B;&#x456;&#x432;</subfield>
    <subfield code="d">2004</subfield>
    <subfield code="g">&#x2116;10/3 &#x43B;&#x44E;&#x442;./</subfield>
  </datafield>
  <datafield tag="650" ind1=" " ind2="7">
    <subfield code="a">&#x41A;&#x440;&#x430;&#x454;&#x437;&#x43D;&#x430;&#x432;&#x447;&#x430; &#x440;&#x43E;&#x431;&#x43E;&#x442;&#x430;</subfield>
    <subfield code="2">UDC</subfield>
  </datafield>
  <datafield tag="999" ind1=" " ind2=" ">
    <subfield code="c">303358</subfield>
    <subfield code="d">303358</subfield>
  </datafield>
</record>
